书目信息 |
| 题名: |
计算共形几何
|
|
| 作者: | 顾险峰 , 丘成桐 著 | |
| 分册: | 理论篇 | |
| 出版信息: | 北京 高等教育出版社 2020.05 |
|
| 页数: | 620页 | |
| 开本: | 20cm | |
| 丛书名: | ||
| 单 册: | ||
| 中图分类: | O186.13 | |
| 科图分类: | ||
| 主题词: | 几何 , 拓扑 | |
| 电子资源: | ||
| ISBN: | 978-7-04-053928-8 | |
| 000 | 00773nam0 2200241 45 | |
| 001 | 2033005111 | |
| 005 | 20201204113348.75 | |
| 010 | @a978-7-04-053928-8@dRMB 148.00 | |
| 100 | @a20201009d2020 km y0chiy0120 ea | |
| 101 | 0 | @achi |
| 102 | @aCN@b110000 | |
| 200 | 1 | @a计算共形几何@Aji suan gong xing ji he@d= Computational conformal geometry. theory@i理论篇@f顾险峰,丘成桐著@Fgu xian feng,qiu cheng tong zhu |
| 210 | @a北京@c高等教育出版社@d2020.05 | |
| 215 | @a620页@d20cm | |
| 510 | 1 | @a Computational conformal geometry. theory |
| 517 | 1 | @a理论篇@Ali lun pian |
| 606 | 0 | @a几何 |
| 606 | 0 | @a拓扑 |
| 690 | @aO186.13@v4 | |
| 701 | 0 | @a顾险峰@Agu xian feng@4著 |
| 701 | 0 | @a丘成桐@Aqiu cheng tong@4著 |
| 801 | 0 | @aCN@bPFT@c20201009 |
| 905 | @a10447@dO186.13@eG511 | |
| 计算共形几何= Computational conformal geometry. theory.理论篇/顾险峰,丘成桐著.-北京:高等教育出版社,2020.05 |
| 620页;20cm |
| ISBN 978-7-04-053928-8:RMB 148.00 |
| ● |
| 相关链接 |
|
|
|
正题名:计算共形几何
索取号:O186.13/G511
 
预约/预借
| 序号 | 登录号 | 条形码 | 馆藏地/架位号 | 状态 | 备注 |
| 1 | 1349145 | 213491452 | 测绘与城市空间信息学院资料室/ [索取号:O186.13/G511] | 在馆 |